Od programu Phare k štrukturálnym fondom Európskej únie

Proces finančnej pomoci EÚ od implementácie programov cez výber projektov a ich riešiteľov až po kontrolu dodržiavania predpísaných procedúr a využitia prostriedkov. Ako funguje program Phare. Aké projekty možno z programu Phare financovať. Proces implementácie programov. Pokračovanie v ďalšom čísle...

Full description

Saved in:
Bibliographic Details
Format: Book Chapter
Language:Slovak
Subjects:
Tags: Add Tag
No Tags, Be the first to tag this record!

MARC

LEADER 00000naa a2200000 4500
001 r041550
005 20230801100100.3
041 0 |a slo 
044 |a SK 
245 1 0 |a Od programu Phare k štrukturálnym fondom Európskej únie 
520 |a Proces finančnej pomoci EÚ od implementácie programov cez výber projektov a ich riešiteľov až po kontrolu dodržiavania predpísaných procedúr a využitia prostriedkov. Ako funguje program Phare. Aké projekty možno z programu Phare financovať. Proces implementácie programov. Pokračovanie v ďalšom čísle. 
610 2 0 |a Európska únia 
610 2 0 |a pomoc finančná 
610 2 0 |a pomoc hospodárska 
610 2 0 |a pomoc zahraničná 
610 2 0 |a Phare